000 01766nam2a2200301 4500
001 RU\NLR\BIBL_A\011559022
005 20250626092811.0
035 _a(NLR Aleph) 011559022
090 _a12271925
_c12271925
100 _a20171215d2017 |||y0rusy50 ca
101 0 _arus
102 _aRU
105 _aa z 000yy
200 1 _aРесурсосберегающие технологии в садоводстве и виноградарстве
_dResources saving technologies in the horticulture and viticulture
_zeng
210 _d2017
_aБ. м.
215 _a188 с.
_cил., цв. ил.
_d29
320 _aБиблиогр. в конце ст.
461 0 _1001RU\NLR\INFOCOMM55\1000110990
_12001#$aНаучные труды$fСев.-Кавк. зон. науч.-исслед. ин-т садоводства и виноградарства$vТ. 12
_94476163
_aСеверо-Кавказский зональный НИИ садоводства и виноградарства (Краснодар)
_cКраснодар
_d1972, 2014 - 2017
_fСев.-Кавк. зон. науч.-исслед. ин-т садоводства и виноградарства
_nКраснодар. кн. изд-во
_tНаучные труды
_vТ. 12
510 1 _aResources saving technologies in the horticulture and viticulture
_zeng
606 1 _aПлодоводство
_jСборники
_xРесурсосберегающие технологии
_92528711
_3RU\NLR\AUTH\661497943
606 1 _aВиноградарство
_jСборники
_xРесурсосберегающие технологии
_92349673
_3RU\NLR\AUTH\6601626915
686 1 _aП25-4я43
686 1 _aП26-4я43
852 _aNLR
_jП13/1409
942 _cISSUE
980 _aNB
980 _aRUSPER